The general in his labyrinth /

Dettagli Bibliografici
Autore principale: García Márquez, Gabriel, 1928-
Natura: Libro
Lingua:English
Spanish
Pubblicazione: New York : New Delhi : A.A. Knopf : Distributed by Random House ; Penguin, 1991.
Edizione:First American edition.
Soggetti:
Classic Catalogue: View this record in Classic Catalogue
LEADER 01753nam a2200361 a 4500
001 2945188
003 BD-DhAAL
005 20260308121455.0
008 110516t19911990nyu| 000 1 eng
010 |a  90052957  
020 |a 9780140245295 
020 |a 0394582586  
040 |a DLC  |c DLC  |d DLC  |d BD-DhAAL 
041 1 |a eng  |h spa 
082 0 0 |a 863 64  |2 22 
100 2 |a García Márquez, Gabriel,  |d 1928- 
240 1 0 |a General en su laberinto.  |l English 
245 1 4 |a The general in his labyrinth /  |c Gabriel García Márquez ; translated from the Spanish by Edith Grossman. 
250 |a First American edition. 
260 |a New York :  |b A.A. Knopf :  |b Distributed by Random House ;  |a New Delhi :  |b Penguin,  |c 1991. 
300 |a 285 pages ;  |c 22 cm. 
500 |a Translation of: El general en su laberinto. 
541 |a Donated by Farhana Zahir, Assistant Professor, BRAC Business School, BRAC University  |e 000015898, 45394 
600 1 0 |a Bolívar, Simón,  |d 1783-1830  |x Fiction.  |9 60359 
650 0 |a Heads of state  |z South America  |x Fiction.  |9 60360 
650 0 |a Magdalena River (Colombia).  |9 60361 
650 0 |a Spanish fiction.  |9 59049 
655 7 |a Biographical fiction. 
852 1 |a Ayesha Abed Library  |c General shelf. 
942 |2 ddc  |c BK 
999 |c 10852  |d 10852 
952 |0 0  |1 0  |2 ddc  |4 0  |6 863_640000000000000_GAR  |7 0  |9 16493  |a BRACUL  |b BRACUL  |c GEN  |d 2011-05-16  |l 6  |m 63  |o 863.64 GAR  |p 3010015898  |r 2025-11-18  |s 2025-10-15  |t 1  |w 2011-05-16  |y BK 
952 |0 0  |1 0  |2 ddc  |4 0  |6 863_640000000000000_GAR  |7 0  |9 78864  |a BRACUL  |b BRACUL  |c NEW  |d 2011-05-16  |l 1  |m 8  |o 863.64 GAR  |p 3010045394  |q 2026-06-02  |r 2026-04-11  |s 2026-04-11  |t 2  |w 2011-05-16  |y BK  |x Donated copy received from Farhana Zahir, Assistant Professor, BRAC Business School, BRAC University on 17 February 2026; MRP₹ 399